Statistics for Towns of Puerto Rico

Click here to take the quiz!

General Stats

  • This quiz has been taken 1,339 times
    (1,337 since last reset)
  • The average score is 44 of 78

Answer Stats

Towns% Correct
San Juan
95%
Ponce
85%
Bayamon
79%
Mayaguez
78%
Arecibo
77%
Aguadilla
76%
Carolina
74%
Caguas
73%
Fajardo
72%
Cabo Rojo
68%
Vega Baja
67%
Culebra
66%
Humacao
66%
Aguada
65%
Isabela
64%
Vega Alta
64%
Vieques
64%
Florida
63%
Toa Alta
63%
San German
62%
Toa Baja
62%
Utuado
61%
Cayey
60%
Guaynabo
60%
Hatillo
59%
Manati
59%
Rincon
59%
Yauco
59%
San Sebastian
58%
Orocovis
57%
Santa Isabel
57%
Camuy
56%
Dorado
56%
Lares
56%
Luquillo
56%
Aibonito
55%
Hormigueros
55%
Adjuntas
54%
Barceloneta
54%
Ceiba
53%
Loiza
53%
Rio Grande
53%
Salinas
53%
Lajas
52%
Trujillo Alto
52%
Anasco
51%
Guayama
51%
Juana Diaz
51%
Las Marias
51%
Morovis
51%
Naguabo
51%
San Lorenzo
51%
Barranquitas
50%
Corozal
50%
Gurabo
50%
Penuelas
50%
Yabucoa
50%
Aguas Buenas
49%
Catano
49%
Coamo
49%
Juncos
49%
Moca
49%
Quebradillas
49%
Canovanas
48%
Ciales
48%
Cidra
48%
Jayuya
48%
Patillas
48%
Maricao
47%
Maunabo
47%
Naranjito
47%
Arroyo
46%
Guanica
46%
Las Piedras
46%
Guayanilla
45%
Sabana Grande
45%
Comerio
40%
Villalba
38%

Score Distribution

Percentile by Number Answered

Percent of People with Each Score

Your Score History

You have not taken this quiz since the last reset